| 000 | 00440nam a2200181Ia 4500 | ||
|---|---|---|---|
| 008 | 170705s9999 xx 000 0 und d | ||
| 020 | _a9780545498746 | ||
| 245 | _aRuby's new home / | ||
| 245 | _cTony Dungy and Lauren Dungy. | ||
| 260 | _aNew York : | ||
| 260 | _bScholastic, | ||
| 260 | _c2011 | ||
| 300 | _aunpaged : | ||
| 300 | _bcolor illustration ; | ||
| 300 | _c23cm. | ||
| 440 | _aReady to read level two. | ||
| 500 | _a80 | ||
| 999 |
_c335286 _d335286 |
||